Ethics in governance / (Record no. 104817)

MARC details
000 -LEADER
fixed length control field 00545nam a22001817a 4500
005 - DATE AND TIME OF LATEST TRANSACTION
control field 20181205113922.0
010 ## - LCCN (DPL NO)
LC control number ENG-116694
020 ## - INTERNATIONAL STANDARD BOOK NUMBER
International Standard Book Number 9788184846102
Terms of availability 990.00
035 ## - SYSTEM CONTROL NUMBER
System control number EN-100226
037 ## - SOURCE OF ACQUISITION
Source of stock number/acquisition DBAD/PUB
082 ## - DEWEY DECIMAL CLASSIFICATION NUMBER
Classification number 172.0954
245 ## - TITLE STATEMENT
Title Ethics in governance /
Statement of responsibility, etc edited Renu Kapila
Remainder of title diverse aspects
260 ## - PUBLICATION, DISTRIBUTION, ETC. (IMPRINT)
Place of publication, distribution, etc New Delhi
Name of publisher, distributor, etc Regal Publications
Date of publication, distribution, etc 2016
270 ## - ADDRESS
Address F-159 Rajouri Garden
City New Delhi
Postal code 110027
300 ## - PHYSICAL DESCRIPTION
Extent xiv,231p. :
Dimensions 23cm(Hb)
Other physical details ill
500 ## - GENERAL NOTE
General note Includes index
942 ## - ADDED ENTRY ELEMENTS (KOHA)
Source of classification or shelving scheme Dewey Decimal Classification
Item type English Books
Classification part 172.0954
Call number suffix ETH
Holdings
Withdrawn status Lost status Not for loan Collection code Home library Current library Date acquired Source of acquisition Cost, normal purchase price Full call number Barcode Copy number Cost, replacement price Koha item type
    Not For Loan Non-fiction D.B.Act.Division Bawana 29/11/2016 DBAD/PUB 990.00 320.954 NAI EN-100226 1 990.00 English Books

© Delhi Public Library
Hit Counter
free hit counter